Derecho Privado (Registro nro. 1069)

Detalles MARC
000 -LEADER
fixed length control field 01112 a2200193 4500
001 - CONTROL NUMBER
control field 22957
005 - DATE AND TIME OF LATEST TRANSACTION
control field 20260407155519.0
008 - FIXED-LENGTH DATA ELEMENTS--GENERAL INFORMATION
fixed length control field 260407a1968 arg spa d
003 - CONTROL NUMBER IDENTIFIER
control field AR-UNSa-BCEJYS
040 ## - CATALOGING SOURCE
Original cataloging agency AR-UNSa-BCEJYS
Language of cataloging spa
Transcribing agency AR-UNSa-BCEJYS
080 ## - UNIVERSAL DECIMAL CLASSIFICATION NUMBER
Universal Decimal Classification number 347
Common auxiliary subdivision Derecho Civil
100 1# - MAIN ENTRY--PERSONAL NAME
Personal name Alterini, Atilio Aníbal
245 10 - TITLE STATEMENT
Title Derecho Privado
Name of part/section of a work Parte general. Introducción al derecho. Parte general del derecho civil y del derecho comercial. Derechos reales. Derecho de familia. Sucesiones
264 #1 - PRODUCTION, PUBLICATION, DISTRIBUTION, MANUFACTURE, AND COPYRIGHT NOTICE
Place of production, publication, distribution, manufacture Buenos Aires :
Name of producer, publisher, distributor, manufacturer Cathedra
Date of production, publication, distribution, manufacture, or copyright notice 1968
300 ## - PHYSICAL DESCRIPTION
Extent 790 p.
Dimensions 23 cm.
505 ## - FORMATTED CONTENTS NOTE
Formatted contents note 1. El derecho - 2. La ley - 3. Personas - 4. La materia comercial. El comerciante - 5. Actos de comercio - 6. Personas jurídicas - 7. El patrimonio - 8. Hechos y actos jurídicos - 9. Vicios. Nulidad - 10. Derechos reales - 11. Derechos reales sobre la cosa ajena - 12. Derechos reales de garantía restante. Publicidad - 13. La familia - 14. La transmisión hereditaria. Sucesión intestada - 15. Indivisión y partición de la herencia. Sucesión testamentaria
590 ## - LOCAL NOTE (RLIN)
Local note niveau_biblio:m niveau_hierar:0
942 ## - ADDED ENTRY ELEMENTS (KOHA)
Koha item type
Existencias
Withdrawn status Lost status Damaged status Not for loan Home library Current library Shelving location Date acquired Total checkouts Full call number Barcode Date last seen Price effective from Koha item type
        Biblioteca Prof. Eusebio Cleto del Rey Biblioteca Prof. Eusebio Cleto del Rey   07/04/2026   347 A466 L21440 07/04/2026 07/04/2026 Libro